<?xml version="1.0" encoding="UTF-8"?>
<collection xmlns="http://www.loc.gov/MARC21/slim">
 <record>
  <leader>02328aam a22002778a 4500</leader>
  <controlfield tag="001">NCT_25029</controlfield>
  <controlfield tag="008">160616s2016                  ||||||viesd</controlfield>
  <datafield tag="999" ind1=" " ind2=" ">
   <subfield code="c">1189</subfield>
   <subfield code="d">1189</subfield>
  </datafield>
  <datafield tag="020" ind1=" " ind2=" ">
   <subfield code="c">65000</subfield>
  </datafield>
  <datafield tag="082" ind1="0" ind2="4">
   <subfield code="2">23rd ed.</subfield>
   <subfield code="a">363.192</subfield>
   <subfield code="b">C101V/T.2</subfield>
  </datafield>
  <datafield tag="245" ind1="1" ind2="0">
   <subfield code="a">Các văn bản quy phạm pháp luật về vệ sinh an toàn thực phẩm</subfield>
   <subfield code="n">Tập 2</subfield>
   <subfield code="c">Bộ Y tế</subfield>
  </datafield>
  <datafield tag="260" ind1=" " ind2=" ">
   <subfield code="a">H.</subfield>
   <subfield code="b">Y học</subfield>
   <subfield code="c">2005</subfield>
  </datafield>
  <datafield tag="300" ind1=" " ind2=" ">
   <subfield code="a">372tr.</subfield>
   <subfield code="c">27cm</subfield>
   <subfield code="b">hình vẽ</subfield>
  </datafield>
  <datafield tag="520" ind1="3" ind2=" ">
   <subfield code="a">Giới thiệu các văn bản quy phạm pháp luật về vệ sinh an toàn thực phẩm và các văn bản quy phạm pháp luật có liên quan phục vụ cho công tác quản lí chất lượng vệ sinh an toàn thực phẩm</subfield>
  </datafield>
  <datafield tag="653" ind1=" " ind2=" ">
   <subfield code="a">Công nghệ thực phẩm</subfield>
  </datafield>
  <datafield tag="942" ind1=" " ind2=" ">
   <subfield code="2">ddc</subfield>
   <subfield code="c">BK</subfield>
  </datafield>
  <datafield tag="952" ind1=" " ind2=" ">
   <subfield code="0">0</subfield>
   <subfield code="1">0</subfield>
   <subfield code="2">ddc</subfield>
   <subfield code="4">0</subfield>
   <subfield code="6">363_192000000000000_C101V_T_2</subfield>
   <subfield code="7">0</subfield>
   <subfield code="9">9603</subfield>
   <subfield code="a">000001</subfield>
   <subfield code="b">000001</subfield>
   <subfield code="d">2018-06-02</subfield>
   <subfield code="o">363.192 C101V/T.2</subfield>
   <subfield code="p">MD.07890</subfield>
   <subfield code="r">2018-06-02</subfield>
   <subfield code="v">65000.00</subfield>
   <subfield code="w">2018-06-02</subfield>
   <subfield code="y">BK</subfield>
  </datafield>
  <datafield tag="952" ind1=" " ind2=" ">
   <subfield code="0">0</subfield>
   <subfield code="1">0</subfield>
   <subfield code="2">ddc</subfield>
   <subfield code="4">0</subfield>
   <subfield code="6">363_192000000000000_C101V_T_2</subfield>
   <subfield code="7">0</subfield>
   <subfield code="9">9604</subfield>
   <subfield code="a">000001</subfield>
   <subfield code="b">000001</subfield>
   <subfield code="d">2018-06-02</subfield>
   <subfield code="o">363.192 C101V/T.2</subfield>
   <subfield code="p">MD.07891</subfield>
   <subfield code="r">2018-06-02</subfield>
   <subfield code="v">65000.00</subfield>
   <subfield code="w">2018-06-02</subfield>
   <subfield code="y">BK</subfield>
  </datafield>
  <datafield tag="952" ind1=" " ind2=" ">
   <subfield code="0">0</subfield>
   <subfield code="1">0</subfield>
   <subfield code="2">ddc</subfield>
   <subfield code="4">0</subfield>
   <subfield code="6">363_192000000000000_C101V_T_2</subfield>
   <subfield code="7">0</subfield>
   <subfield code="9">9605</subfield>
   <subfield code="a">000001</subfield>
   <subfield code="b">000001</subfield>
   <subfield code="d">2018-06-02</subfield>
   <subfield code="o">363.192 C101V/T.2</subfield>
   <subfield code="p">MD.07892</subfield>
   <subfield code="r">2018-06-02</subfield>
   <subfield code="v">65000.00</subfield>
   <subfield code="w">2018-06-02</subfield>
   <subfield code="y">BK</subfield>
  </datafield>
  <datafield tag="952" ind1=" " ind2=" ">
   <subfield code="0">0</subfield>
   <subfield code="1">0</subfield>
   <subfield code="2">ddc</subfield>
   <subfield code="4">0</subfield>
   <subfield code="6">363_192000000000000_C101V_T_2</subfield>
   <subfield code="7">0</subfield>
   <subfield code="9">9606</subfield>
   <subfield code="a">000001</subfield>
   <subfield code="b">000001</subfield>
   <subfield code="d">2018-06-02</subfield>
   <subfield code="o">363.192 C101V/T.2</subfield>
   <subfield code="p">MD.07893</subfield>
   <subfield code="r">2018-06-02</subfield>
   <subfield code="v">65000.00</subfield>
   <subfield code="w">2018-06-02</subfield>
   <subfield code="y">BK</subfield>
  </datafield>
  <datafield tag="952" ind1=" " ind2=" ">
   <subfield code="0">0</subfield>
   <subfield code="1">0</subfield>
   <subfield code="2">ddc</subfield>
   <subfield code="4">0</subfield>
   <subfield code="6">363_192000000000000_C101V_T_2</subfield>
   <subfield code="7">0</subfield>
   <subfield code="9">9607</subfield>
   <subfield code="a">000001</subfield>
   <subfield code="b">000001</subfield>
   <subfield code="d">2018-06-02</subfield>
   <subfield code="o">363.192 C101V/T.2</subfield>
   <subfield code="p">MD.07894</subfield>
   <subfield code="r">2018-06-02</subfield>
   <subfield code="v">65000.00</subfield>
   <subfield code="w">2018-06-02</subfield>
   <subfield code="y">BK</subfield>
  </datafield>
  <datafield tag="952" ind1=" " ind2=" ">
   <subfield code="0">0</subfield>
   <subfield code="1">0</subfield>
   <subfield code="2">ddc</subfield>
   <subfield code="4">0</subfield>
   <subfield code="6">363_192000000000000_C101V_T_2</subfield>
   <subfield code="7">0</subfield>
   <subfield code="9">9608</subfield>
   <subfield code="a">000001</subfield>
   <subfield code="b">000001</subfield>
   <subfield code="d">2018-06-02</subfield>
   <subfield code="o">363.192 C101V/T.2</subfield>
   <subfield code="p">MD.07895</subfield>
   <subfield code="r">2018-06-02</subfield>
   <subfield code="v">65000.00</subfield>
   <subfield code="w">2018-06-02</subfield>
   <subfield code="y">BK</subfield>
  </datafield>
  <datafield tag="952" ind1=" " ind2=" ">
   <subfield code="0">0</subfield>
   <subfield code="1">0</subfield>
   <subfield code="2">ddc</subfield>
   <subfield code="4">0</subfield>
   <subfield code="6">363_192000000000000_C101V_T_2</subfield>
   <subfield code="7">0</subfield>
   <subfield code="9">9609</subfield>
   <subfield code="a">000001</subfield>
   <subfield code="b">000001</subfield>
   <subfield code="d">2018-06-02</subfield>
   <subfield code="o">363.192 C101V/T.2</subfield>
   <subfield code="p">MD.07896</subfield>
   <subfield code="r">2018-06-02</subfield>
   <subfield code="v">65000.00</subfield>
   <subfield code="w">2018-06-02</subfield>
   <subfield code="y">BK</subfield>
  </datafield>
  <datafield tag="952" ind1=" " ind2=" ">
   <subfield code="0">0</subfield>
   <subfield code="1">0</subfield>
   <subfield code="2">ddc</subfield>
   <subfield code="4">0</subfield>
   <subfield code="6">363_192000000000000_C101V_T_2</subfield>
   <subfield code="7">0</subfield>
   <subfield code="9">9610</subfield>
   <subfield code="a">000001</subfield>
   <subfield code="b">000001</subfield>
   <subfield code="d">2018-06-02</subfield>
   <subfield code="o">363.192 C101V/T.2</subfield>
   <subfield code="p">MD.07897</subfield>
   <subfield code="r">2018-06-02</subfield>
   <subfield code="v">65000.00</subfield>
   <subfield code="w">2018-06-02</subfield>
   <subfield code="y">BK</subfield>
  </datafield>
  <datafield tag="952" ind1=" " ind2=" ">
   <subfield code="0">0</subfield>
   <subfield code="1">0</subfield>
   <subfield code="2">ddc</subfield>
   <subfield code="4">0</subfield>
   <subfield code="6">363_192000000000000_C101V_T_2</subfield>
   <subfield code="7">0</subfield>
   <subfield code="9">9611</subfield>
   <subfield code="a">000001</subfield>
   <subfield code="b">000001</subfield>
   <subfield code="d">2018-06-02</subfield>
   <subfield code="o">363.192 C101V/T.2</subfield>
   <subfield code="p">MD.07898</subfield>
   <subfield code="r">2018-06-02</subfield>
   <subfield code="v">65000.00</subfield>
   <subfield code="w">2018-06-02</subfield>
   <subfield code="y">BK</subfield>
  </datafield>
  <datafield tag="980" ind1=" " ind2=" ">
   <subfield code="a">Thư viện Trường Đại học Nam Cần Thơ</subfield>
  </datafield>
 </record>
</collection>
